[Event "Mittelfrank Regionalliga Nord-West 2122"]
[Site "Mittelfranken"]
[Date "2022.05.29"]
[Round "9.8"]
[White "Steiner, Tizian"]
[Black "Schuelner, David"]
[Result "1/2-1/2"]
[WhiteElo "1777"]
[BlackElo "1534"]
[PlyCount "101"]
[EventDate "2021.10.24"]
[EventType "team-tourn"]
[EventRounds "9"]
[EventCountry "GER"]
[SourceTitle "EXT 2024"]
[Source "ChessBase"]
[SourceDate "2023.10.10"]
[SourceVersion "1"]
[SourceVersionDate "2023.10.10"]
[SourceQuality "1"]
[WhiteTeam "Bamberg II"]
[BlackTeam "Kronach"]
[WhiteTeamCountry "GER"]
[BlackTeamCountry "GER"]

1. e4 e5 2. Nf3 Nf6 3. Nxe5 d6 4. Nf3 Nxe4 5. d4 d5 6. Bd3 Bd6 7. c4 c6 8. 0-0 0-0 9. Re1 Re8 10. Nbd2 f5 11. cxd5 cxd5 12. Ne5 Bxe5 13. dxe5 Nc6 14. Nf3 Qb6 15. Be3 Qxb2 16. Re2 Qa3 17. Bxe4 dxe4 18. Ng5 Qe7 19. f4 h6 20. Qb3+ Be6 21. Nxe6 Qxe6 22. Qxb7 Qc4 23. Qb3 Na5 24. Qxc4+ Nxc4 25. Kf2 Red8 26. Bc5 Rd5 27. Be7 Kf7 28. Rc1 Kxe7 29. Rxc4 Rad8 30. Rc6 Rb8 31. Rec2 Rb7 32. Ke2 Rdb5 33. Rc7+ Kd8 34. Rc8+ Kd7 35. Rg8 Ke6 36. Re8+ Kd7 37. Rec8 a5 38. R8c4 Rb4 39. Rd2+ Ke7 40. Rc5 a4 41. Ke3 Ra7 42. Rdc2 Kd7 43. Rd5+ Ke7 44. Rd4 Rb6 45. Rdc4 Rbb7 46. Kd4 Rd7+ 47. Kc5 a3 48. Re2 Rdc7+ 49. Kd5 Ra5+ 50. Kd4 Rd7+ 51. Kc3 1/2-1/2

[Event "Mittelfrank Regionalliga Nord-West 2122"]
[Site "Mittelfranken"]
[Date "2022.05.15"]
[Round "5.7"]
[White "Laustsen, Karl Johann"]
[Black "Steiner, Tizian"]
[Result "1/2-1/2"]
[WhiteElo "1772"]
[BlackElo "1777"]
[PlyCount "89"]
[EventDate "2021.10.24"]
[EventType "team-tourn"]
[EventRounds "9"]
[EventCountry "GER"]
[SourceTitle "EXT 2024"]
[Source "ChessBase"]
[SourceDate "2023.10.10"]
[SourceVersion "1"]
[SourceVersionDate "2023.10.10"]
[SourceQuality "1"]
[WhiteTeam "Marktleuthen"]
[BlackTeam "Bamberg II"]
[WhiteTeamCountry "GER"]
[BlackTeamCountry "GER"]

1. d4 c6 2. c3 d5 3. Bf4 Bf5 4. e3 e6 5. Nf3 Bd6 6. Bg3 Ne7 7. Bd3 0-0 8. Qe2 Bxd3 9. Qxd3 Nf5 10. Bxd6 Nxd6 11. Nbd2 Qb6 12. Rb1 Nd7 13. 0-0 Nf6 14. c4 Qa5 15. b3 Nfe4 16. Qc2 Nxd2 17. Nxd2 b6 18. c5 Nb5 19. Rb2 Na3 20. Qc1 Rab8 21. cxb6 Rxb6 22. Nb1 Rc8 23. Nxa3 Qxa3 24. Rc2 Qd6 25. Rc5 f6 26. Qc3 Kf7 27. Rc1 Ke7 28. b4 a6 29. a3 Kd7 30. h4 g6 31. g3 e5 32. Ra5 h6 33. Qc5 Kc7 34. Qxd6+ Kxd6 35. Rac5 exd4 36. exd4 Re8 37. Kf1 Re4 38. Rd1 f5 39. Rc3 Rb8 40. f3 Re6 41. Re1 Rbe8 42. Rxe6+ Rxe6 43. Kf2 g5 44. hxg5 hxg5 45. Re3 1/2-1/2